000 00681nmc a2200265 a 4500
003 AR-BaBNM
005 20251128211813.0
008 026020s2005 ||||||||||||||000 | spa||
020 _a950-12-5043-1
040 _cAR-BaBNM
100 1 _aDutour, Thierry
245 1 0 _aLa ciudad medieval
_borígenes y triunfo de la Europa urbana
250 _a1ª ed.
260 _aBuenos Aires
_bPaidós
_c2005
300 0 _a334 p.
490 0 _aOrígenes
_v43
504 _aContiene referencias bibliográficas
650 4 _aCIUDADES
650 4 _aEDAD MEDIA
650 4 _aHISTORIA SOCIAL
651 4 _aEuropa
653 _aHISTORIA URBANA
942 _cBK
998 _cme-solo cat
999 _c21187
_d21187